proper with at poetry / (Record no. 11738)
[ view plain ]
| 000 -LEADER | |
|---|---|
| fixed length control field | 00344cam a2200133ua 4500 |
| 041 ## - LANGUAGE CODE | |
| Language code of text/sound track or separate title | eng |
| 082 ## - DEWEY DECIMAL CLASSIFICATION NUMBER | |
| Classification number | 828.09 |
| Item number | WIL/PR |
| 100 ## - MAIN ENTRY--AUTHOR NAME | |
| Personal name | Williamson, George . |
| 245 ## - TITLE STATEMENT | |
| Title | proper with at poetry / |
| 260 ## - PUBLICATION, DISTRIBUTION, ETC. (IMPRINT) | |
| Place of publication | London : |
| Name of publisher | Faben and faben , |
| Year of publication | 1961. |
| 300 ## - PHYSICAL DESCRIPTION | |
| Number of Pages | 136 ; . |
No items available.
